Medagliere Combinata nordica ai Giochi Olimpici - Statistics

Statistiche generali
  • Questo quiz è stato fatto 8 volte
  • Il punteggio medio è 13 su 16
Statistiche sulle risposte
Medaglie complessive Medaglie d'Oro Medaglie d'Argento Medaglie di Bronzo Rappresentativa olimpica % Corretto
4 2 1 1 Francia
100%
1 0 0 1 Italia
100%
16 3 2 11 Austria
88%
14 4 8 2 Finlandia
88%
35 15 12 8 Norvegia
88%
4 1 3 0 Stati Uniti
88%
2 0 1 1 Svezia
88%
4 1 2 1 Svizzera
88%
16 6 6 4 Germania
75%
7 3 0 4 Germania Est
75%
1 0 0 1 Russia
75%
2 1 0 1 Squadra Unificata Tedesca
75%
3 0 1 2 Unione Sovietica
75%
7 2 3 2 Giappone
63%
3 2 1 0 Germania Ovest
50%
1 0 0 1 Polonia
38%
Nessun quiz corrispondente trovato
Distribuzione punteggi
Percentuale di utenti per punteggio
Percentile per numero di risposta
I tuoi punteggi nel tempo
Non hai fatto questo quiz